Chisholm's handbook of commercial geography / (Record no. 26347)
[ view plain ]
| 000 -LEADER | |
|---|---|
| fixed length control field | 00978cam a22002895a 4500 |
| 001 - CONTROL NUMBER | |
| control field | 4646529 |
| 005 - DATE AND TIME OF LATEST TRANSACTION | |
| control field | 20180319135151.0 |
| 008 - FIXED-LENGTH DATA ELEMENTS--GENERAL INFORMATION | |
| fixed length control field | 791116s1980 enka fr 001 0 eng d |
| 020 ## - INTERNATIONAL STANDARD BOOK NUMBER | |
| International Standard Book Number | 0582300150 |
| 040 ## - CATALOGING SOURCE | |
| Original cataloging agency | DLC |
| Transcribing agency | DLC |
| Modifying agency | DLC |
| -- | EG-ScBUE |
| Language of cataloging | eng |
| 082 04 - DEWEY DECIMAL CLASSIFICATION NUMBER | |
| Classification number | 338.09 |
| Edition number | 22 |
| Item number | STA |
| 100 1# - MAIN ENTRY--PERSONAL NAME | |
| Personal name | Stamp, L. Dudley |
| Fuller form of name | (Laurence Dudley), |
| Dates associated with a name | 1898-1966. |
| 245 10 - TITLE STATEMENT | |
| Title | Chisholm's handbook of commercial geography / |
| Statement of responsibility, etc | entirely rewritten by Dudley Stamp. |
| 246 30 - VARYING FORM OF TITLE | |
| Title proper/short title | Handbook of commercial geography |
| 246 30 - VARYING FORM OF TITLE | |
| Title proper/short title | Commercial geography |
| 250 ## - EDITION STATEMENT | |
| Edition statement | 20th ed. / |
| Remainder of edition statement | rev. by G. Noel Blake and Audrey N. Clark. |
| 260 ## - PUBLICATION, DISTRIBUTION, ETC. (IMPRINT) | |
| Place of publication, distribution, etc | London ; |
| -- | New York : |
| Name of publisher, distributor, etc | Longman, |
| Date of publication, distribution, etc | 1980. |
| 300 ## - PHYSICAL DESCRIPTION | |
| Extent | xxxii, 983 p. : |
| Other physical details | ill. ; |
| Dimensions | 25 cm. |
| 500 ## - GENERAL NOTE | |
| General note | Includes index. |
| 650 #7 - SUBJECT ADDED ENTRY--TOPICAL TERM | |
| Topical term or geographic name as entry element | Commercial geography. |
| Source of heading or term | BUEsh |
| 650 #7 - SUBJECT ADDED ENTRY--TOPICAL TERM | |
| Topical term or geographic name as entry element | Commercial products. |
| Source of heading or term | BUEsh |
| 651 ## - SUBJECT ADDED ENTRY--GEOGRAPHIC NAME | |
| Source of heading or term | BUEsh |
| 653 ## - INDEX TERM--UNCONTROLLED | |
| Resource For college | Generalities |
| -- | BAEPS, Business Administration |
| Arrived date list | March2018 |
| 700 1# - ADDED ENTRY--PERSONAL NAME | |
| Personal name | Blake, G. Noel, |
| Dates associated with a name | 1914- |
| Relator term | editor. |
| 700 1# - ADDED ENTRY--PERSONAL NAME | |
| Personal name | Clark, Audrey N., |
| Relator term | editor. |
| 942 ## - ADDED ENTRY ELEMENTS (KOHA) | |
| Source of classification or shelving scheme | Dewey Decimal Classification |
| Withdrawn status | Item status | Source of classification or shelving scheme | Damaged status | Not for loan | Home library | Current library | Shelving location | Date acquired | Total Checkouts | Full call number | Barcode | Date last seen | Koha item type |
|---|---|---|---|---|---|---|---|---|---|---|---|---|---|
| Dewey Decimal Classification | Central Library | Central Library | First floor | 19/03/2018 | 338.09 STA | 000047448 | 15/07/2025 | Book - Borrowing |